British Celebrities by Picture #7 - Statistics

General Stats
  • This quiz has been taken 230 times
  • The average score is 9 of 20
Answer Stats
Picture Answer % Correct
William Shakespeare
90%
J.K. Rowling
89%
Alan Rickman
68%
David Cameron
65%
Wayne Rooney
64%
Jimmy Carr
62%
Mary Berry
55%
Tilda Swinton
50%
James McAvoy
44%
Peter Capaldi
44%
Carol Vorderman
39%
Craig David
39%
Gregg Wallace
39%
Raye
33%
Fiona Bruce
29%
Rebecca Adlington
28%
Jenna Coleman
25%
Luke Evans
21%
Nathalie Emmanuel
15%
Eleanor Tomlinson
7%
No matching quizzes found
Score Distribution
Percent of People with Each Score
Percentile by Number Answered
Your Score History
You have not taken this quiz